Laboratory manual for structure and function in man / (Record no. 19633)
[ view plain ]
| 000 -LEADER | |
|---|---|
| fixed length control field | 00673nam a22001817a 4500 |
| 008 - FIXED-LENGTH DATA ELEMENTS--GENERAL INFORMATION | |
| fixed length control field | 240313b ||||| |||| 00| 0 eng d |
| 020 ## - INTERNATIONAL STANDARD BOOK NUMBER | |
| International Standard Book Number | 9711030012 |
| 082 ## - DEWEY DECIMAL CLASSIFICATION NUMBER | |
| Classification number | DC 612 |
| Item number | J15 1982 |
| 100 ## - MAIN ENTRY--PERSONAL NAME | |
| Personal name | Jacob, Stanley W. |
| 9 (RLIN) | 54439 |
| 245 ## - TITLE STATEMENT | |
| Title | Laboratory manual for structure and function in man / |
| Statement of responsibility, etc. | Stanley W. Jacob, Clarice Ashworth Francone, and Walter J. Lossow. |
| 250 ## - EDITION STATEMENT | |
| Edition statement | 15th edition. |
| 260 ## - PUBLICATION, DISTRIBUTION, ETC. (IMPRINT) | |
| Place of publication, distribution, etc. | Philadelphia : |
| Name of publisher, distributor, etc. | W.B Saunders Company, |
| Date of publication, distribution, etc. | ©1982. |
| 300 ## - PHYSICAL DESCRIPTION | |
| Extent | xi, 276 pages : |
| Other physical details | illustrations ; |
| Dimensions | 25 cm. |
| 650 ## - SUBJECT ADDED ENTRY--TOPICAL TERM | |
| Topical term or geographic name as entry element | Human physiology. |
| 9 (RLIN) | 54610 |
| 700 ## - ADDED ENTRY--PERSONAL NAME | |
| Personal name | Francone, Clarice Ashworth. |
| Relator term | author. |
| 9 (RLIN) | 54440 |
| 700 ## - ADDED ENTRY--PERSONAL NAME | |
| Personal name | Lossow, Walter J. |
| Relator term | author. |
| 9 (RLIN) | 54444 |
| 942 ## - ADDED ENTRY ELEMENTS (KOHA) | |
| Source of classification or shelving scheme | Dewey Decimal Classification |
| Koha item type | Circulation |
| Withdrawn status | Lost status | Source of classification or shelving scheme | Damaged status | Not for loan | Collection code | Home library | Current library | Date acquired | Total Checkouts | Full call number | Barcode | Date last seen | Copy number | Price effective from | Koha item type |
|---|---|---|---|---|---|---|---|---|---|---|---|---|---|---|---|
| Dewey Decimal Classification | Circulation | UM Digos College - LIC | UM Digos College - LIC | 03/13/2024 | DC 612 J15 1982 | 15073 | 05/15/2025 | 1 | 03/13/2024 | Circulation |
